Rent review clauses (Record no. 67687)

MARC details
000 -LEADER
fixed length control field 01249cam a2200217 4500
001 - CONTROL NUMBER
control field WB3727-22
008 - FIXED-LENGTH DATA ELEMENTS--GENERAL INFORMATION
fixed length control field 010711n2001 000 0 eng u
035 ## - SYSTEM CONTROL NUMBER
System control number (Sirsi) u113601
245 ## - TITLE STATEMENT
Title Rent review clauses
260 ## - PUBLICATION, DISTRIBUTION, ETC.
Date of publication, distribution, etc. 2001
490 ## - SERIES STATEMENT
Series statement Estates Gazette
Volume/sequential designation (0127) 7 July 2001, 130(1)
520 ## - SUMMARY, ETC.
Summary, etc. Considers the issue of whether time is of the essence in respect of various provisions within a rent review clause. In the 1977 landmark ruling - "United Scientific Holdings Ltd v Burnley BC" , HL decided that, normally, time is not of the essence. Discusses two recent cases - "McDonald's Property Co Ltd v HSBC Bank" and "Cheapside Land Development Co v Messels Service Co" - which challenged aspects of the "United Scientific" ruling. Concludes that the existence of a detailed timetable is not sufficient to render time of the essence. The 1977 HL ruling must still be regarded as authoritative.
590 ## - LOCAL NOTE (RLIN)
Local note WB
650 ## - SUBJECT ADDED ENTRY--TOPICAL TERM
Topical term or geographic name entry element UNITED SCIENTIFIC HOLDINGS LTD V BURNLEY BC
650 ## - SUBJECT ADDED ENTRY--TOPICAL TERM
Topical term or geographic name entry element MCDONALD'S PROPERTY CO LTD V HSBC BANK
650 ## - SUBJECT ADDED ENTRY--TOPICAL TERM
Topical term or geographic name entry element CHEAPSIDE LAND DEVELOPMENT CO V MESSELS SERVICE CO
650 ## - SUBJECT ADDED ENTRY--TOPICAL TERM
Topical term or geographic name entry element TIME OF THE ESSENCE
650 ## - SUBJECT ADDED ENTRY--TOPICAL TERM
Topical term or geographic name entry element RENT REVIEW CLAUSES
690 ## - LOCAL SUBJECT ADDED ENTRY--TOPICAL TERM (OCLC, RLIN)
Topical term or geographic name as entry element LANDLORD AND TENANT-RENT REVIEWS-CASE LAW
942 ## - ADDED ENTRY ELEMENTS (KOHA)
Suppress in OPAC 0
Holdings
Withdrawn status Lost status Source of classification or shelving scheme Damaged status Not for loan Home library Current library Shelving location Date acquired Total Checkouts Full call number Barcode Date last seen Copy number Price effective from Koha item type
    Dewey Decimal Classification     London London News article 11/07/2001   WB3727-22 113601-1001 06/08/2019 1 06/08/2019 News article